00931nam a22002777a 4500003000500000005001700005008004100022010001000063011001000073035001000083040000900093100003600102245012000138260004000258300001100298500001000309502008300319650002900402650002800431650002500459650001300484650001700497650004000514650002800554710007100582CHAP20220329141326.0971013s1989 r 00010 d a66430 a67402 a76872 cCHAP00aLlano Agudelo, Beatriz Eugenia. aEfecto de citocininas y auxinas en embriones de aguacate (Persea americana Mill. raza mexicana) cultivados in vitro aChapingo, Méx. :bEl autor,c1989 a112 h. a28-40 aTesis (Maestro en Ciencias Esp. en Fruticultura) -- CP. Centro de Fruticultura14aAguacatexGerminación.14aAguacatexMejoramiento.14aAguacatexPlantulas.14aAuxinas.14aCitocininas.14aPlantasxCrecimientoxEstimulantes.14aPlantasxEmbriología.0 aColegio de Postgraduados. Chapingo, Méx. Centro de Fruticultura.